000 00885nam a2200229 a 4500
001 71458
003 BD-RjUL
005 20211209082120.0
008 170503s1959 ii |||| |||| 000 0 ben d
020 _c: Tk. 2.50
035 _a(BD-RjUL)71674
040 _aBD-RjUL
_bben
_cBD-RjUL
_dBD-RjUL
041 _aben
082 _223
_a891.443
_bCHK 1959
100 1 _aচট্টোপাধ্যায়, শরৎ চন্দ্র
_9116654
245 1 0 _aকাশীনাথ /
_cশরৎ চন্দ্র চট্টোপাধ্যায়
260 _aকলিকাতা :
_bগুরুদাস চট্টোপাধ্যায় এণ্ড সন্স,
_c১৯৫৯ [১৩৬৬]
300 _a১৭৬ পৃ. ;
_c২৬ সেমি.
650 _aবাংলা উপন্যাস
_9211424
650 _aBengali Fiction
_9211425
942 _2ddc
_cBK
999 _c71458
_d71458